| 000 | 01347cam a22003014a 4500 | ||
|---|---|---|---|
| 999 |
_c18629 _d18629 |
||
| 001 | 12902893 | ||
| 005 | 20170113120550.0 | ||
| 008 | 020822s2002 vtua bc 001 0 eng | ||
| 010 | _a 2002028039 | ||
| 020 | _a0754632040 (alk. paper) | ||
| 040 |
_aDLC _cDLC _dDLC |
||
| 042 | _apcc | ||
| 043 |
_ae-uk--- _ae-ie--- |
||
| 050 | 0 | 0 |
_aND468 _b.M345 2002 |
| 100 | 1 | _aMcConkey, Kenneth. | |
| 245 | 1 | 0 |
_aMemory and desire : _bpainting in Britain and Ireland at the turn of the twentieth century / _cKenneth McConkey. |
| 260 |
_aBurlington, VT : _bAshgate, _cc2002. |
||
| 300 |
_axv, 304 p. : _bill. (some col.) ; _c27 cm. |
||
| 440 | 0 | _aBritish art and visual culture since 1750, new readings | |
| 504 | _aIncludes bibliographical references (p. 291-300) and index. | ||
| 650 | 0 |
_aPainting, British _y20th century _vCatalogs. |
|
| 650 | 0 |
_aPainting, Irish _y20th century _vExhibitions. |
|
| 856 | 4 | 1 |
_3Table of contents _uhttp://www.loc.gov/catdir/toc/fy036/2002028039.html |
| 942 |
_2lcc _cBOOKS _hND468 .M345 2002 |
||